| 000 | 00481nam a2200181 4500 | ||
|---|---|---|---|
| 003 | SEACOMEC | ||
| 005 | 20240603161341.0 | ||
| 008 | 240603b |||||||| |||| 00| 0 eng d | ||
| 020 |
_a0470844620 _c$7.00 |
||
| 040 | _aSEACOMEC | ||
| 082 |
_a620.0052 _bO18 |
||
| 100 | _a O'Connor, Patrick D. T | ||
| 245 |
_aPractical reliability engineering _c Patrick D. T O'Connor, |
||
| 250 | _a4th ed | ||
| 260 |
_aEngland _bJohn Wiley & Sons _c2004 |
||
| 300 | _axv, 513p | ||
| 942 | _cBOOK | ||
| 999 |
_c1286 _d1286 |
||